LEADER 01209nam a2200289 u 4500 001 000000086344 003 CaOOAMICUS 005 20070226124305.0 008 050928n it u000 u ita u 035 $a11060535 040 $aPUL(R)$bita 041 1 $aita$aspa 100 0 $aIohannes a Cruce,$cs.,$d1542-1591.$0(OLS)http://pul/name/8166 240 10$aCantico espiridual$9(Iohannes a Cruce, s., 1542-1591).$lItaliano.$0(OLS)http://pul/title/111914 245 13$aIl cantico spirituale /$csan Juan de la Cruz ; [a cura di Guido Manacorda]. 260 $aFirenze :$bFussi,$c[s.d.] 300 $a48 p. ;$c17 cm 490 1 $aIl melagrano ;$v10 546 $aTesto a fronte italiano e spagnolo. 700 1 $aManacorda, Guido,$d1879-1965.$0(OLS)http://pul/name/5172 830 3$aIl melagrano ;$v10.$0(OLS)http://pul/title/9155 850 $aPUL 852 $aPUL$W1$xDP1 Fondo Cecchetti$y53$m293 B 23$j109632$nBK-PRI$b $qFondi$B109632$CPULBib$Z2$F109632 $HPUL3227 $81 900 $aGiovanni della Croce,$cs,$d1542-1591.$98166 941 1 $a1 996 $6245$aIl cantico spirituale$9(OLS)http://pul/title/111915 996 $6260$aFirenze :$bFussi$9(OLS)http://pul/publisher/51190 LEADER 01191nam a2200289 a 4500 001 000000167582 003 CaOOAMICUS 005 20180508114401.0 008 180508s2000 it u000 u ita r 020 $a88-07-17044-2* 032 $aLibriCat 040 $aPUL$bita 100 1 $aGalimberti, Umberto,$d1942-$0(OLS)http://pul/name/8525 245 10$aOrme del sacro :$bil cristianesimo e la desacralizzazione del sacro /$cUmberto Galimberti. 260 $aMilano :$bFeltrinelli,$c©2000. 300 $a356 p. ;$c22 cm. 490 1 $aSerie Bianca (Feltrinelli) 504 $aBibliografia in nota a pič pagina. 650 4$aSacro.$0(OLS)http://pul/subject/22928 830 0$aSerie bianca (Feltrinelli).$0(OLS)http://pul/title/95407 850 $aPUL 852 $aPUL$W1$xDP1 Fondo Dalla Palma$y117$m3 C 53$j115741$qFondi$B195225$CPULBib$Z2$F195225 $HDal2370 $81 941 1 $a1 996 $6020$a88-07-17044-2*$9(OLS)http://pul/number/163980 996 $6245$aOrme del sacro :$bil cristianesimo e la desacralizzazione del sacro$9(OLS)http://pul/title/207668 996 $6260$aMilano :$bFeltrinelli$9(OLS)http://pul/publisher/48846